000
00344nam a22001577a 4500
003
SGT
020
_a
9788180388477
082
_a
342.540 87,DES
100
_a
DESAI,SATYAJEET A.
245
_a
MULLA HINDU LAW
250
_a
21ST
260
_a
NEW DELHI
_b
LEXIS NEXIS
_c
2015
300
_a
1465
650
_a
MULLA HINDU LAW
942
_2
ddc
_c
BK
999
_c
10498
_d
10498